Normal view
MARC view
- Dr Sana Ullah Balouch
Entry Personal Name
001 - CONTROL NUMBER
- control field: 48502
003 - CONTROL NUMBER IDENTIFIER
- control field: NUST
005 - DATE AND TIME OF LATEST TRANSACTION
- control field: 20210314134049.0
008 - FIXED-LENGTH DATA ELEMENTS
- fixed length control field: 210314|| aca||aabn | a|a d
040 ## - CATALOGING SOURCE
- Original cataloging agency: NUST
- Transcribing agency: NUST
100 ## - HEADING--PERSONAL NAME
- Personal name: Dr Sana Ullah Balouch
670 ## - SOURCE DATA FOUND
- Source citation: Work cat.: (NUST): Khizer Hayat, Major 48501, Analyzing the strength properties of high performance concrete, 2003
